000 01024cab a2200205 4500
001 ABS39497
008 090401t1988 xxu||||| |||| 00| 0 eng d
035 _a(Sirsi) u17172
041 _aeng
245 _aDyer v Dorset County Council
260 _c1988
350 _a0
490 _aWeekly Law Reports
_v(1988) 3 WLR 213-222(10)
520 _aCA 4 May 1988 Appeal by the council (D) against a cc decision that a lecturer Alan Dyer (A) had the right to buy a staff house from D under the provisions of Housing Act 1980 , as amended by Housing and Building Control Act 1984 . The cc judge held that the house was within the curtilage of any relevant property owned by D within the meaning of Housing Act 1980 Sched 1 para 1 . On appeal by D, the CA upheld the cc`s decision that A was entitled to exercise the right to buy under the 1980 Act and the appeal was accordingly dismissed.
650 _aCOUNCIL HOUSING
650 _aLOCAL AUTHORITIES
690 _aHOUSING-CASE LAW
942 _n0
948 _c04/03/1997
999 _c11388
_d11388